000
00322nam a22001457a 4500
008
210514b ||||| |||| 00| 0 eng d
020
_a
2800130304577
041
_a
eng
080
_a
610.73
082
_a
610.73
100
_a
1
101
_a
INF
245
_a
Medical-Surgical Nursing
_c
Mary A. Hogan
942
_2
udc
_c
BK
999
_c
57360
_d
57360